| 000 | 00707cam a22001815a 4500 | ||
|---|---|---|---|
| 001 | L155092 | ||
| 008 | 120228s1912 xxk f 000 0 eng d | ||
| 035 | _a(Sirsi) u155092 | ||
| 041 | 0 | _aeng | |
| 110 | 2 |
_aSurveyors' Institution _93783 |
|
| 245 | 0 | 0 | _aMemorandum by the Council of the Surveyors' Institution on the proposals to levy rates and taxes on the unimproved site value of land |
| 260 |
_aLondon _bSurveyors' Institution _c1912 |
||
| 300 |
_a7p. _c32cm. |
||
| 520 | _aIncludes a schedule of rateabe values and actual rates paid for various types of residential and commercial property in London and the provinces. | ||
| 651 | 4 |
_aUnited Kingdom _y |
|
| 690 | _aFinance and taxation | ||
| 942 | _n0 | ||
| 999 |
_c113317 _d113317 |
||